A better investment climate for everyone

Đã lưu trong:
Bibliografiske detaljer
Institution som forfatter: The World Bank
Format: Bog
Sprog:Undetermined
Udgivet: Washington The World Bank 2004
Fag:
Tags: Tilføj Tag
Ingen Tags, Vær først til at tagge denne postø!
Thư viện lưu trữ: Trung tâm Học liệu Trường Đại học Cần Thơ
LEADER 00490nam a2200181Ia 4500
001 CTU_76214
008 210402s9999 xx 000 0 und d
082 |a 338.7 
082 |b W927 
110 |a The World Bank 
245 2 |a A better investment climate for everyone 
245 4 |c The World Bank 
260 |a Washington 
260 |b The World Bank 
260 |c 2004 
650 |a Enterprise zones 
904 |i Tuyến,Hải 
980 |a Trung tâm Học liệu Trường Đại học Cần Thơ